| 000 | 00907nam a2200265Ia 4500 | ||
|---|---|---|---|
| 003 | OSt | ||
| 005 | 20221005092252.0 | ||
| 006 | a|||||r|||| 00| 0 | ||
| 007 | ta | ||
| 008 | 221004b |||||||| |||| 00| 0 eng d | ||
| 020 |
_a9780415992381 (hbk) _c5430.60 |
||
| 024 | _a110100 | ||
| 037 |
_b6290, 12/10/2011, Efficient Book Distributors _cTextual |
||
| 040 |
_aCRL _cCRL _beng |
||
| 041 |
_2eng _aeng |
||
| 082 | _aV64:17.N, Q1 | ||
| 100 |
_aBurroughs Robert M. _9617076 |
||
| 245 | 0 |
_aTravel writing and atrocities _b Eyewitness accounts of colonialism in the congo, angola, and the putumayo |
|
| 260 |
_aNew York _bRoutledge U.S.A _c2011 |
||
| 300 |
_axiv, 215p. _ccm. |
||
| 490 | _aRoutledge research in travel writing | ||
| 650 | _aHISTORY | ||
| 942 |
_hV64:17.N, Q1 _cTEXL _2cc |
||
| 999 |
_c998590 _d998590 |
||